লোডিং...

Protein purification: Principles and practice

গ্রন্থ-পঞ্জীর বিবরন
প্রধান লেখক: Scopes , Robert K
ভাষা:English
প্রকাশিত: New Delhi Narosa publishing house
সংস্করন:3rd ed
বিষয়গুলি:
LEADER 00488nam a22001697a 4500
005 20160323130414.0
008 100309t xxu||||| |||| 00| 0 eng d
082 |a 547. 96 
100 |a Scopes , Robert K  |9 2447 
245 |a Protein purification:  |b Principles and practice 
250 |a 3rd ed 
300 |a xix , 380p. 
653 |a Protein purification - principles 
653 |a Protein purification - practice 
942 |c BK  |6 _ 
260 |a New Delhi  |b Narosa publishing house 
999 |c 157237  |d 157237